The gift of time : (Record no. 84000)
[ view plain ]
| 000 -LEADER | |
|---|---|
| fixed length control field | 00727nam a22002177a 4500 |
| 005 - DATE AND TIME OF LATEST TRANSACTION | |
| control field | 20180308110751.0 |
| 010 ## - LCCN (DPL NO) | |
| LC control number | ENG-109920 |
| 020 ## - INTERNATIONAL STANDARD BOOK NUMBER | |
| International Standard Book Number | 9788185984520 |
| Terms of availability | 600.00 |
| 035 ## - SYSTEM CONTROL NUMBER | |
| System control number | EN-93453 |
| 035 ## - SYSTEM CONTROL NUMBER | |
| System control number | B-667689 |
| 037 ## - SOURCE OF ACQUISITION | |
| Source of stock number/acquisition | DBAD/PUB |
| 082 ## - DEWEY DECIMAL CLASSIFICATION NUMBER | |
| Classification number | 650.11 |
| 100 ## - MAIN ENTRY--PERSONAL NAME | |
| Personal name | Sridharan, N.C. |
| 245 00 - TITLE STATEMENT | |
| Title | The gift of time : |
| Statement of responsibility, etc | by N.C. Sridharan |
| Remainder of title | practical tips for enhancing personal productivity / |
| 250 ## - EDITION STATEMENT | |
| Edition statement | 4th ed |
| 260 ## - PUBLICATION, DISTRIBUTION, ETC. (IMPRINT) | |
| Place of publication, distribution, etc | Madras |
| Name of publisher, distributor, etc | Productivity and Quality Publishing |
| Date of publication, distribution, etc | 2013 |
| 270 ## - ADDRESS | |
| Address | 38, Thanikachalam Road |
| City | Madras |
| Postal code | 600017 |
| 300 ## - PHYSICAL DESCRIPTION | |
| Extent | 394p. : |
| Dimensions | 22cm(pbk) |
| Other physical details | ill |
| 942 ## - ADDED ENTRY ELEMENTS (KOHA) | |
| Source of classification or shelving scheme | Dewey Decimal Classification |
| Item type | English Books |
| Call number suffix | SRI |
| Classification part | 650.11 |
| Withdrawn status | Lost status | Not for loan | Collection code | Home library | Current library | Date acquired | Source of acquisition | Cost, normal purchase price | Full call number | Barcode | Copy number | Cost, replacement price | Koha item type |
|---|---|---|---|---|---|---|---|---|---|---|---|---|---|
| Non-fiction | Ashok Vihar | Ashok Vihar | 08/03/2018 | KKP/274/24.2.2017/420/15.2.2017/17.3.2017 | 600.00 | 650.11 SRI | B-667689 | 1 | 600.00 | English Books | |||
| Not For Loan | Non-fiction | D.B.Act.Division | D.B.Act.Division | 06/05/2014 | DBAD / PUB | 600.00 | 650.11 SRI | EN-93453 | 1 | 600.00 | English Books |
